000
00232nam a2200097Ia 4500
008
170619s9999 xx 000 0 und d
100
_a
Mitra- Barun
245
0
_a
Personality Development and Soft Skills
260
_b
Oxford
260
_c
2012
546
_a
ENGLISH
999
_c
20870
_d
20870